00340nam a2200109Ia 45000010005000000080041000050200022000460820027000681000023000952450091001182600021002092841241024s9999 xx 000 0 und d a978-9945-074-71-0 aRD/972.09302/R896c/V.2 aFray Vicente Rubio 0aCedulario de la isla de Santo Domingo, V.2, 1501-1509. Gobierno de Nicolás de Ovando bEd. Búhoc2013